000 00461nam a2200181Ia 4500
001 8837
005 20260306160639.0
008 260306t2009||||xx |||||||||||||| ||spa||
041 _aESP
082 _a371.4
_bCH533
100 _aChávez contreras, Ángel
_eAUT
245 0 _aMis sesiones de tutoría:
_bapoyo a: persona, familia y relaciones humanas
260 _c2009
300 _a
_c28 cm.
650 _aGEN
654 _aCED
942 _cLIB
_dJUS
_fJUS
_2ddc
_n
999 _c8837
_d8837